000 00751nam a2200241Ia 4500
005 20241115092445.0
008 210716s2000 xx 000 0 und d
020 _a9814053961
040 _cAIMIT LIBRARY
041 _aeng
082 _a005.74
_27
_bDATC
100 _aDate, C J.
_946882
245 _aIntroduction to database systems /
_cBy C. J. Date.
250 _a7th ed.
260 _aNew York :
_bAddison Wesley ,
_c2000 .
300 _axxii, 938p. ;
_bPB
_c23.5 cm.
650 _aDatabase system architecture
_946883
650 _aIntroduction to relational databases
_946884
650 _aFurther topics
_9185454
650 _aRelational algebra
_9185428
650 _aRelational calculus
_9185429
942 _2ddc
_cBK
_e7th
_k005.74 DATC
999 _c183769
_d183769